| 000 | 00860nam a2200277 i 4500 | ||
|---|---|---|---|
| 001 | bg | ||
| 100 | 1 |
_aAdamiak, Barbara _d(1949- ). |
|
| 245 | 1 | 0 |
_aPolskie postępowanie administracyjne i sądowoadministracyjne / _cBarbara Adamiak, Janusz Borkowski. |
| 250 | _aWyd. 7 uaktual. | ||
| 260 |
_aWarszawa : _bWydawnictwa Prawnicze PWN, _c2000. |
||
| 300 |
_a480 s. ; _c24 cm. |
||
| 504 | _aIndeks. | ||
| 650 | 9 |
_aPostępowanie administracyjne _zPolska _ystan na 2000 r. |
|
| 650 | 9 |
_aSądownictwo administracyjne _zPolska _ystan na 2000 r. |
|
| 650 | 4 | _aPodręczniki akademickie | |
| 700 | 1 |
_aBorkowski, Janusz _d(1934- ). |
|
| 020 | _a8388296272 | ||
| 040 | _cBPK | ||
| 041 | 0 | _apl | |
| 080 | _a351.077.3(438) | ||
| 080 | _a351.95(438) | ||
| 080 | _a(075.8) | ||
| 920 | _a83-88296-27-2 | ||
| 942 | _cKS | ||
| 008 | s pl f |000 0 pol | ||
| 999 |
_c40184 _d40184 |
||
| 856 |
_uhttp://koha.tu.koszalin.pl/cgi-bin/koha/opac-detail.pl?biblionumber=40184 _yKatalog online BPK |
||